Gaming Quiz

Random Gaming or Pokémon Quiz

Arceus Types by Image (Pokemon) Quiz Stats

Quiz not verified by Sporcle

Challenge
Share
Tweet
Score 0/18 Timer 05:00
0 Plays Today
% Correct
Ice
98.7%
Fire
98.1%
Water
95.5%
Ghost
90.3%
Normal
89.6%
Dark
87%
Electric
86.4%
Fighting
85.7%
Grass
85.7%
% Correct
Steel
85.7%
Flying
85.1%
Psychic
85.1%
Fairy
84.4%
Ground
83.1%
Bug
80.5%
Poison
79.9%
Rock
79.2%
Dragon
77.3%

You're not logged in!

Compare scores with friends on all Sporcle quizzes.
Sign Up with Email
OR
Log In

You Might Also Like...

Show Comments

Extras

Top Quizzes Today


Score Distribution

Your Account Isn't Verified!

In order to create a playlist on Sporcle, you need to verify the email address you used during registration. Go to your Sporcle Settings to finish the process.